| 000 | 01070nam a22002657a 4500 | ||
|---|---|---|---|
| 999 |
_c63396 _d63396 |
||
| 005 | 20240530110638.0 | ||
| 008 | 171004s2016 ua a g b 000 0 ara d | ||
| 017 |
_a2015/10636 _bمصر. دار الكتب |
||
| 020 | _a9789777531948 | ||
| 040 |
_aEG-CaGPL _cEG-CaGPL |
||
| 082 | 0 | 8 |
_221 _a332.673/ _bع إ |
| 100 | 0 | _aعبدالفتاح محمد احمد جاويش | |
| 245 | 1 | 0 |
_aادارة الاستثمار الاجنبى / _cعبدالفتاح محمد احمد جاويش |
| 250 | _aط. 1 | ||
| 260 |
_aالاسكندرية : _bمكتبة الوفاء القانونية ، _c2016. |
||
| 300 |
_a623 ص.: _bجداول ؛ _c24 سم. |
||
| 504 | _aيشتمل على ارجاعات ببليوجرافية | ||
| 650 | 0 | 7 |
_2qrmak _aالاستثمارات الاجنبية |
| 650 | 0 | 7 |
_2qrmak _aراس المال |
| 650 | 0 | 7 |
_2qrmak _aالتنمية الاقتصادية |
| 650 | 0 | 7 |
_2qrmak _aادارة الاعمال |
| 650 | 0 | 7 |
_2qrmak _aالاستثمارات الاجنبية _xادارة |
| 942 |
_2ddc _cBK |
||